000
00250nam a22001097a 4500
082
_a
355.49541-R MAS'O
100
_a
MASON, A. H
_9
76348
245
_a
OPERATIONS OF THE ZHOB FILED FORCE
260
_a
QUETTA
_b
NIS
_c
1978
300
_a
92P
942
_c
BK
999
_c
581741
_d
581741